Science Quiz

Random Science or Chemistry Quiz
Score 0/26 Timer 06:00
11 Plays Today
Hint Answer % Correct
Solar System PlanetsMars, Mercury
90.5%
Planets and ElementsUranus, uranium
87.7%
Fundamental Forcesgravity
87.1%
Spectral Colorsyellow
86.2%
Electromagnetic Radiation TypesX-ray
84.2%
Trigonometric Functionssine, secant
83.3%
Non-extinct Elephant Species (common name)African bush, African forest, Asian
82.5%
Metric System Prefixesdeca-, deci-
81.6%
Modern ConstellationsOctans, Ophiuchus, Orion
78.9%
Chemical Elementszinc, zirconium
78.8%
Elements Whose Name and Symbol Start with Different Letterstin (Sn), tungsten (W)
77.1%
Non-extinct Species of the Genus Pantheralion, leopard
76%
Human Veinsjugular
73.6%
Hint Answer % Correct
Atlantic Hurricane Names (retired)Klaus, Keith, Katrina
73%
Moons of JupiterIo, Iocaste, Isonoe
72.9%
Mohs Scale Mineralsquartz
72.7%
Max Planck Medal Recipients (surname)Einstein, Ewald, Ehlers
58.9%
Period 4 Elementscalcium, chromium, cobalt, copper
58.6%
Degrees of Severe Weather Alert (U.S.)watch, warning
47.1%
Nobel Laureates in Physics (surname)Franck, Fermi, Frank, Feynman, Fitch, Fowler, Friedman
40.4%
NASA Flyby Mission ProbesVoyager 1, Voyager 2
40.2%
Royal Society of London Presidents (surname)Newton, Nurse
37%
Nobel Laureates in Chemistry (surname)Ramsay, Rutherford, Richards, Ruzicka, Robinson, Rowland, Rose, Ramakrishnan
33.4%
Linear Alkane Compoundsbutane
31.4%
1990s Great CometsHyakutake, Hale-Bopp
24.8%
Lanthanidespraseodymium, promethium
21.1%
Remove Ads.
Support Sporcle.
Get the best of Sporcle when you Go Orange. This ad-free experience offers more features, more stats, and more fun while also helping to support Sporcle. Thank you for becoming a member.

You're not logged in!

Compare scores with friends on all Sporcle quizzes.
OR
Log In

Show Comments

Extras

Top Quizzes Today


Score Distribution

Your Account Isn't Verified!

In order to create a playlist on Sporcle, you need to verify the email address you used during registration. Go to your Sporcle Settings to finish the process.

Report this User

Report this user for behavior that violates our Community Guidelines.

Details: